[Event "KBSK - Fontaine"]
[Site "?"]
[Date "2010.10.10"]
[Round "2.7"]
[White "Bertrem, Stijn"]
[Black "Mastalerz, Xavier"]
[Result "1-0"]
[WhiteElo "2230"]
[BlackElo "2122"]
[PlyCount "75"]
[EventDate "2010.??.??"]
[SourceDate "2010.10.10"]

1. d4 e6 2. c4 Nf6 3. Nc3 Bb4 4. Qc2 O-O 5. a3 Bxc3+ 6. Qxc3 Ne4 7. Qc2 f5 8.
Nf3 b6 9. e3 Bb7 10. Bd3 d6 11. O-O Nd7 12. Nd2 Qh4 13. f3 Ng5 14. f4 Nf7 15.
e4 fxe4 16. Nxe4 Nf6 17. Bd2 Nh6 18. Rf3 Nf5 19. Bc3 Ng4 20. Rh3 Nge3 21. Qe2
Qxf4 22. Rf3 Qh6 23. Bd2 d5 24. cxd5 exd5 25. Ng3 Nxd4 26. Rxf8+ Rxf8 27. Qxe3
Qxe3+ 28. Bxe3 Nb3 29. Rf1 Rxf1+ 30. Kxf1 c5 31. Nf5 g6 32. Nd6 Bc6 33. Nc8 c4
34. Bxc4 dxc4 35. Ne7+ Kf7 36. Nxc6 a5 37. Bxb6 Nd2+ 38. Ke2 1-0

[Event "KGSRL - Eynatten1"]
[Site "?"]
[Date "2010.10.10"]
[Round "2.1"]
[White "Sokolov, Ivan"]
[Black "Khenkin, Igor"]
[Result "1-0"]
[WhiteElo "2641"]
[BlackElo "2652"]
[PlyCount "29"]
[EventDate "2010.10.11"]
[SourceDate "2010.10.11"]

1. d4 Nf6 2. c4 e6 3. Nc3 Bb4 4. e3 O-O 5. Bd3 d5 6. cxd5 exd5 7. Nge2 Re8 8.
Bd2 Bd6 9. Rc1 a6 10. O-O b5 11. Nf4 Bb7 12. Qf3 Ne4 13. Be1 Qg5 14. a4 b4 15.
Ncxd5 1-0

[Event "Eynatten1 - KGSRL"]
[Site "?"]
[Date "2010.10.10"]
[Round "2.2"]
[White "Hausrath, Daniel"]
[Black "Rozentalis, Eduardas"]
[Result "1/2-1/2"]
[WhiteElo "2537"]
[BlackElo "2631"]
[PlyCount "119"]
[EventDate "2010.10.11"]
[SourceDate "2010.10.11"]

1. Nf3 Nf6 2. g3 d5 3. Bg2 Bg4 4. c4 c6 5. Ne5 Be6 6. cxd5 Bxd5 7. Nf3 c5 8.
Nc3 Bc6 9. O-O e6 10. d3 Be7 11. e4 O-O 12. Qc2 b5 13. a4 b4 14. Nb1 Bb7 15.
Be3 Nc6 16. Bxc5 Bxc5 17. Qxc5 Qxd3 18. e5 Nd7 19. Qb5 Qxb5 20. axb5 Ncxe5 21.
Nxe5 Bxg2 22. Nxd7 Bxf1 23. Kxf1 Rfc8 24. Nd2 Rd8 25. Nc4 Rxd7 26. Nb6 Rd1+ 27.
Rxd1 axb6 28. Rd6 Rb8 29. Ke2 Kf8 30. f4 Ke7 31. Rc6 h5 32. Rc7+ Kf6 33. h3 b3
34. Kd3 Rd8+ 35. Kc4 Rd6 36. Rc6 Ke7 37. Rc7+ Ke8 38. Kxb3 Rd3+ 39. Rc3 Rd5 40.
Kc4 g5 41. fxg5 Rxg5 42. Ra3 Rc5+ 43. Kb4 Rd5 44. Ra6 Rd6 45. Ra8+ Ke7 46. Rh8
Rd4+ 47. Kc3 Rd5 48. Kc4 Rc5+ 49. Kb4 Kd6 50. Rd8+ Kc7 51. Ra8 f5 52. Ra7+ Kc8
53. Rh7 Re5 54. Rxh5 Re4+ 55. Kc3 Re3+ 56. Kc4 Rxg3 57. Rh8+ Kc7 58. Rh7+ Kc8
59. Rh8+ Kd7 60. Rh7+ 1/2-1/2

[Event "KGSRL - Eynatten1"]
[Site "?"]
[Date "2010.10.10"]
[Round "2.3"]
[White "Van der Stricht, Geert"]
[Black "Levin, Felix"]
[Result "0-1"]
[WhiteElo "2440"]
[BlackElo "2512"]
[PlyCount "114"]
[EventDate "2010.10.11"]
[SourceDate "2010.10.11"]

1. d4 Nf6 2. c4 e6 3. Nc3 Bb4 4. e3 O-O 5. Bd3 d5 6. Nf3 c5 7. O-O dxc4 8. Bxc4
cxd4 9. exd4 Nbd7 10. Bg5 Bxc3 11. bxc3 Qc7 12. Bd3 b6 13. Rc1 Bb7 14. Re1 Rfe8
15. Ne5 Nxe5 16. dxe5 Qc6 17. f3 Nd7 18. Qe2 Qc5+ 19. Kh1 Qxe5 20. Qxe5 Nxe5
21. Rxe5 f6 22. Rxe6 Rxe6 23. Bc4 fxg5 24. Bxe6+ Kf8 25. Kg1 Rd8 26. Bb3 Rc8
27. Kf2 Rc5 28. Kg3 b5 29. Rd1 Bc8 30. Rd8+ Ke7 31. Rh8 Rxc3 32. Rxh7 Kf6 33.
Rh8 a5 34. Rf8+ Ke5 35. Re8+ Kd6 36. Rg8 a4 37. Bf7 Rc7 38. Bg6 b4 39. Rd8+ Ke5
40. Be4 Rc5 41. Rg8 Be6 42. Rb8 Bxa2 43. Rxb4 Ra5 44. Bc2 a3 45. h4 gxh4+ 46.
Rxh4 Ra7 47. Re4+ Kd5 48. Re8 Kd4 49. Be4 Bb3 50. Bb1 Kc3 51. Re2 Rd7 52. Bf5
Rd2 53. Re3+ Kb2 54. Be6 Bxe6 55. Rxe6 a2 56. Rb6+ Kc1 57. Ra6 Kb1 0-1

[Event "Eynatten1 - KGSRL"]
[Site "?"]
[Date "2010.10.10"]
[Round "2.4"]
[White "Roeder, Matthias"]
[Black "Lemmers, Oscar"]
[Result "1/2-1/2"]
[WhiteElo "2422"]
[BlackElo "2395"]
[PlyCount "64"]
[EventDate "2010.10.11"]
[SourceDate "2010.10.11"]

1. Nf3 d5 2. d4 c6 3. Bf4 Qb6 4. b3 Bg4 5. e3 Nf6 6. Be2 Nbd7 7. O-O Nh5 8. Bg5
h6 9. Bh4 g5 10. Bg3 Nxg3 11. hxg3 Bg7 12. c4 Bxf3 13. Bxf3 dxc4 14. Nd2 cxb3
15. axb3 O-O 16. Nc4 Qc7 17. Ra2 e6 18. b4 a6 19. Qb3 Rad8 20. Rd1 Nf6 21. g4
Qe7 22. Ne5 Nd7 23. Nc4 e5 24. d5 e4 25. Be2 cxd5 26. Rxd5 Nf6 27. Re5 Qd7 28.
Rd2 Qc7 29. Rc5 Qe7 30. Re5 Qc7 31. Rc5 Qe7 32. Re5 Qc7 1/2-1/2

[Event "Eynatten1 - KGSRL"]
[Site "?"]
[Date "2010.10.10"]
[Round "2.6"]
[White "Kern, Guido"]
[Black "Vandenbussche, Thibaut"]
[Result "1/2-1/2"]
[WhiteElo "2389"]
[BlackElo "2374"]
[PlyCount "78"]
[EventDate "2010.10.11"]
[SourceDate "2010.10.11"]

1. Nf3 d6 2. d4 g6 3. g3 Bg7 4. Bg2 Nd7 5. e4 e5 6. O-O Ngf6 7. Nc3 O-O 8. Re1
c6 9. a4 Re8 10. dxe5 dxe5 11. Nd2 Qc7 12. Nc4 Bf8 13. Be3 Nb6 14. Nxb6 axb6
15. f3 Bc5 16. Qe2 Nd7 17. Bh3 Nf8 18. Bxc8 Rexc8 19. Nd1 Ne6 20. Bxc5 bxc5 21.
Ne3 Nd4 22. Qf1 Rd8 23. Kg2 Rd6 24. Qc4 Rad8 25. Rad1 Qe7 26. Rf1 Qg5 27. Ng4
Nxc2 28. Rxd6 Rxd6 29. Qxc5 Rd2+ 30. Kh1 h5 31. Qxe5 Qxe5 32. Nxe5 Nd4 33. b4
g5 34. h3 Ne2 35. Rf2 Nxg3+ 36. Kg2 Ne2 37. Kf1 Ng3+ 38. Kg2 Ne2 39. Kf1 Ng3+
1/2-1/2

[Event "KGSRL - Eynatten1"]
[Site "?"]
[Date "2010.10.10"]
[Round "2.7"]
[White "Goormachtigh, Johan"]
[Black "Becker, Marcel"]
[Result "0-1"]
[WhiteElo "2323"]
[BlackElo "2387"]
[PlyCount "90"]
[EventDate "2010.10.11"]
[SourceDate "2010.10.11"]

1. d4 d5 2. c4 c6 3. Nf3 Nf6 4. Nc3 dxc4 5. a4 Bf5 6. e3 e6 7. Bxc4 Bb4 8. O-O
O-O 9. Qe2 Nbd7 10. e4 Bg6 11. Bd3 Bh5 12. e5 Nd5 13. Nxd5 cxd5 14. Qe3 Re8 15.
Ne1 Bg6 16. Bxg6 fxg6 17. Bd2 Be7 18. Nd3 Rc8 19. Rfc1 Qb6 20. b4 Rc4 21. Rxc4
dxc4 22. Nc5 Bxc5 23. dxc5 Qc7 24. f4 a5 25. Rc1 axb4 26. Rxc4 Nb6 27. Rc1 Nd5
28. Qb3 g5 29. f5 Qxe5 30. Qc4 Qxf5 31. Rf1 Qe5 32. Re1 Qb2 33. Bxg5 Rf8 34.
Qe2 Qxe2 35. Rxe2 Kf7 36. Rf2+ Ke8 37. Rb2 Kd7 38. Bd2 Ra8 39. Bxb4 Rxa4 40.
Be1 Kc6 41. g3 e5 42. Bf2 e4 43. Rb3 Rb4 44. Ra3 Rc4 45. h4 Rc3 0-1

[Event "Eynatten1 - KGSRL"]
[Site "?"]
[Date "2010.10.10"]
[Round "2.8"]
[White "Vanheirzeele, Daniel"]
[Black "Tereick, Benjamin"]
[Result "1/2-1/2"]
[WhiteElo "2207"]
[BlackElo "2385"]
[PlyCount "31"]
[EventDate "2010.10.11"]
[SourceDate "2010.10.11"]

1. Nf3 c5 2. c4 Nc6 3. d4 cxd4 4. Nxd4 Qb6 5. Nb3 e6 6. a3 Nf6 7. Nc3 d5 8.
cxd5 Nxd5 9. Nxd5 exd5 10. e3 Be7 11. Bd2 Bf6 12. Bc3 Bxc3+ 13. bxc3 O-O 14.
Be2 Bf5 15. O-O Rac8 16. Nd4 1/2-1/2

[Event "CRELEL - Ans"]
[Site "CRELEL 1 - ANS 1"]
[Date "2010.10.10"]
[Round "2.1"]
[White "Vandevoort, Pascal"]
[Black "Winants, Luc"]
[Result "1-0"]
[WhiteElo "2353"]
[BlackElo "2515"]
[PlyCount "81"]
[EventDate "2010.??.??"]

1. e4 e5 2. Nf3 Nc6 3. d4 exd4 4. Nxd4 Bc5 5. Nb3 Be7 6. Nc3 Nf6 7. g3 Bb4 8.
Bg2 Bxc3+ 9. bxc3 O-O 10. O-O Re8 11. Re1 d6 12. f4 Bg4 13. Qd3 Qd7 14. Qf1 Be6
15. Bb2 Ne7 16. c4 Qa4 17. c5 Nd7 18. cxd6 cxd6 19. Qd3 Rac8 20. f5 Bc4 21.
Qxd6 Ba6 22. Qd2 f6 23. e5 fxe5 24. Bxe5 Nxe5 25. Rxe5 Rcd8 26. Qf2 Nc6 27.
Rxe8+ Rxe8 28. Bd5+ Kh8 29. f6 Rf8 30. Nc5 Qd4 31. Qxd4 Nxd4 32. f7 Bb5 33. Rb1
g5 34. a4 b6 35. Rxb5 bxc5 36. Rxc5 Kg7 37. c3 Nf5 38. Ra5 Rd8 39. Bb3 Ne3 40.
Rxg5+ Kf6 41. Rg8 1-0

[Event "Ans - CRELEL"]
[Site "CRELEL 1 - ANS 1"]
[Date "2010.10.10"]
[Round "2.2"]
[White "Hautot, Stefan"]
[Black "Renette, Hans"]
[Result "1/2-1/2"]
[WhiteElo "2453"]
[BlackElo "2323"]
[PlyCount "93"]
[EventDate "2010.??.??"]

1. e4 c6 2. d4 d5 3. Nc3 dxe4 4. Nxe4 Bf5 5. Ng3 Bg6 6. h4 h6 7. Nf3 Nd7 8. h5
Bh7 9. Bd3 Bxd3 10. Qxd3 e6 11. Bd2 Ngf6 12. O-O-O Be7 13. Kb1 O-O 14. Ne4 Nxe4
15. Qxe4 Nf6 16. Qe2 Qd5 17. Ne5 Qe4 18. Qxe4 Nxe4 19. Be1 Rad8 20. f3 Nf6 21.
Bh4 Rfe8 22. c4 Nd7 23. Bf2 Nxe5 24. dxe5 b6 25. Kc2 Rxd1 26. Rxd1 Rd8 27.
Rxd8+ Bxd8 28. b4 Bc7 29. Bd4 Kf8 30. b5 c5 31. Bc3 g6 32. g4 gxh5 33. gxh5 Kg7
34. Kd3 Kh7 35. Ke3 Bd8 36. Be1 Kg7 37. f4 Kh7 38. a4 Kg7 39. Bf2 Kh7 40. Kd3
Be7 41. a5 Kg7 42. Ke4 Kh7 43. f5 Bd8 44. f6 Kg8 45. Be3 Kh7 46. Kd3 Bc7 47.
axb6 1/2-1/2

[Event "Ans - CRELEL"]
[Site "CRELEL 1 - ANS 1"]
[Date "2010.10.10"]
[Round "2.4"]
[White "Erwich, Marc"]
[Black "Gillain, Christophe"]
[Result "1-0"]
[WhiteElo "2415"]
[BlackElo "2092"]
[PlyCount "77"]
[EventDate "2010.??.??"]

1. e4 e6 2. d4 d5 3. Nd2 dxe4 4. Nxe4 Bd7 5. Nf3 Bc6 6. Bd3 Nd7 7. O-O Ngf6 8.
Qe2 Be7 9. Ng3 Bxf3 10. Qxf3 c6 11. b3 O-O 12. Bb2 Qc7 13. Rfe1 Bd6 14. c4 c5
15. Rad1 cxd4 16. Bxd4 Be5 17. Bxe5 Nxe5 18. Qf4 Nfd7 19. Bc2 Rac8 20. Nh5 f6
21. Qg3 Rf7 22. f4 Nxc4 23. bxc4 Qc5+ 24. Qe3 Qxh5 25. Qxe6 Qc5+ 26. Kh1 Nf8
27. Qe2 Rcc7 28. Rd5 Qb4 29. Rb1 Rfe7 30. Qf2 Qc3 31. Bb3 Qe3 32. Qxe3 Rxe3 33.
c5 g6 34. Rd3+ Re6 35. Re1 Kf7 36. Rd6 Rce7 37. g4 f5 38. g5 Re8 39. a4 1-0

[Event "CRELEL - Ans"]
[Site "CRELEL1 - ANS 1"]
[Date "2010.10.10"]
[Round "2.5"]
[White "Timmermans, Daniel"]
[Black "Jens, Jelmer"]
[Result "0-1"]
[WhiteElo "1965"]
[BlackElo "2386"]
[PlyCount "58"]
[EventDate "2010.??.??"]

1. d4 Nf6 2. c4 g6 3. Nc3 d5 4. Nf3 Bg7 5. Bg5 Ne4 6. cxd5 Nxg5 7. Nxg5 e6 8.
Qd2 exd5 9. Qf4 O-O 10. h4 c5 11. e3 cxd4 12. exd4 Nc6 13. O-O-O h6 14. Nf3 Be6
15. Bd3 Rc8 16. Rhe1 Nb4 17. Bb1 Qa5 18. Kd2 Nxa2 19. Bxa2 Rxc3 20. bxc3 Qxa2+
21. Ke3 Re8 22. Qg3 Qc2 23. Rc1 Bf5+ 24. Ne5 Qb2 25. Kf4 h5 26. Qf3 Bh6+ 27.
Kg3 Bxc1 28. Nd3 Rxe1 29. Nxb2 Bxb2 0-1

[Event "Ans - CRELEL"]
[Site "CRELEL 1 - ANS 1"]
[Date "2010.10.10"]
[Round "2.6"]
[White "Erwich, Frank"]
[Black "Valentiny, Benoit"]
[Result "1-0"]
[WhiteElo "2333"]
[BlackElo "2026"]
[PlyCount "73"]
[EventDate "2010.??.??"]

1. c4 d6 2. Nc3 Nf6 3. g3 e5 4. Bg2 c6 5. d4 Nbd7 6. Nf3 Be7 7. e4 a6 8. a4 a5
9. O-O O-O 10. b3 Re8 11. Ba3 Bf8 12. Qc2 Qc7 13. Rad1 exd4 14. Nxd4 Nc5 15. h3
Bd7 16. f4 Rad8 17. Bxc5 dxc5 18. Nde2 Bc8 19. e5 Nd7 20. Ne4 Nb8 21. Ng5 g6
22. Nc3 h6 23. Nf3 Be7 24. g4 Nd7 25. e6 Nf8 26. exf7+ Kxf7 27. Ne5+ Kg7 28.
Ne4 Bf6 29. Nxf6 Kxf6 30. Qc3 Rxd1 31. Rxd1 Rxe5 32. fxe5+ Kf7 33. e6+ Nxe6 34.
Qh8 Qg3 35. Qxc8 Nf4 36. Qc7+ Kf6 37. Rd6+ 1-0

[Event "Ans - CRELEL"]
[Site "CRELEL 1 - ANS 1"]
[Date "2010.10.10"]
[Round "2.8"]
[White "Blagodarov, Vladimir"]
[Black "Cesar, André"]
[Result "1/2-1/2"]
[WhiteElo "2127"]
[BlackElo "1788"]
[PlyCount "96"]
[EventDate "2010.??.??"]

1. c4 Nf6 2. g3 g6 3. Bg2 Bg7 4. Nc3 c5 5. e3 O-O 6. Nge2 Nc6 7. O-O d6 8. d4
cxd4 9. exd4 Bf5 10. b3 Qd7 11. Bb2 Bh3 12. d5 Bxg2 13. Kxg2 Ne5 14. f4 Neg4
15. Rf3 Ne4 16. Qd3 Nc5 17. Qc2 a5 18. h3 Nh6 19. Nb5 Qf5 20. Qxf5 Nxf5 21.
Bxg7 Kxg7 22. Ned4 Nxd4 23. Nxd4 b6 24. Re1 Rfe8 25. Rfe3 Kf8 26. g4 Ra7 27. g5
Rd7 28. h4 Kg7 29. Kf3 h6 30. f5 h5 31. fxg6 fxg6 32. Kg3 Kf7 33. Ne6 Ra7 34.
Nd4 Rc7 35. Nb5 Rd7 36. a3 Kg7 37. Rf1 Rf8 38. Rxf8 Kxf8 39. Rf3+ Kg8 40. Nd4
Rd8 41. Ne6 Rc8 42. Nxc5 bxc5 43. Re3 Kf7 44. Kf3 Rb8 45. Ke2 Ra8 46. Kd2 Rb8
47. Kc2 Ra8 48. Kc3 Rb8 1/2-1/2

[Event "Borgerhout - Namur"]
[Site "?"]
[Date "2010.10.12"]
[Round "2.3"]
[White "Vedder, Henk"]
[Black "Henris, Luc"]
[Result "1-0"]
[WhiteElo "2372"]
[BlackElo "2248"]
[PlyCount "127"]
[EventDate "2010.??.??"]

1. e4 e5 2. Nf3 d6 3. d4 exd4 4. Qxd4 a6 5. b3 Nc6 6. Qd2 Nf6 7. Bd3 d5 8. exd5
Qxd5 9. O-O Be7 10. Bb2 Bg4 11. Nc3 Qh5 12. Ng5 O-O-O 13. h3 h6 14. Nge4 Be6
15. Ng3 Qg5 16. Qe2 Nd4 17. Qd1 Rhe8 18. Nce4 Nxe4 19. Nxe4 Qh4 20. c3 Nc6 21.
Qe2 Bd5 22. c4 Nd4 23. Bxd4 Bxe4 24. Bxe4 Rxd4 25. Rfe1 Qf6 26. c5 c6 27. Bd3
Red8 28. Qxe7 Rxd3 29. Qxf6 gxf6 30. Re7 R8d7 31. Rae1 Kd8 32. Re8+ Kc7 33. Rh8
Rd1 34. Kf1 R1d5 35. Rxh6 f5 36. b4 a5 37. a3 axb4 38. axb4 Rd4 39. Rf6 f4 40.
Rb1 b6 41. cxb6+ Kxb6 42. b5 Rd1+ 43. Rxd1 Rxd1+ 44. Ke2 Rg1 45. Kf3 Kxb5 46.
Rxf4 c5 47. Rxf7 c4 48. Rc7 Kb4 49. h4 c3 50. g4 Kb3 51. h5 c2 52. Kf4 Rh1 53.
Kg5 Rh3 54. Rxc2 Kxc2 55. f4 Kd3 56. f5 Ke4 57. f6 Ke5 58. h6 Ra3 59. h7 Ra8
60. Kg6 Ke6 61. g5 Rb8 62. f7 Rf8 63. Kh6 Ke7 64. g6 1-0

[Event "Namur - Borgerhout"]
[Site "?"]
[Date "2010.10.10"]
[Round "2.4"]
[White "Denayer, Eric"]
[Black "De Haan, Eric"]
[Result "1/2-1/2"]
[WhiteElo "2245"]
[BlackElo "2345"]
[PlyCount "140"]
[EventDate "2010.??.??"]

1. Nf3 c5 2. g3 Nc6 3. Bg2 e5 4. d3 g6 5. c4 Bg7 6. Nc3 Nge7 7. h4 h6 8. h5 g5
9. Qd2 d6 10. b3 Be6 11. Bb2 d5 12. e4 d4 13. Nd5 f5 14. O-O-O f4 15. Rdg1 Qd6
16. gxf4 exf4 17. Bh3 Bxh3 18. Rxh3 Be5 19. Kb1 O-O-O 20. Nh2 Qe6 21. Ng4 Bd6
22. Rhh1 Ne5 23. Nxe7+ Qxe7 24. Nxe5 Bxe5 25. f3 Kb8 26. Kc2 Rd6 27. Qg2 Ra6
28. Ra1 Bc7 29. Qg4 Rd8 30. Rhe1 Ba5 31. Re2 Rf6 32. Rb1 Qe5 33. Rg2 Bc3 34.
Rgg1 Qc7 35. Bxc3 dxc3 36. a4 Qe5 37. Qg2 Rxd3 38. Kxd3 Rd6+ 39. Kc2 Rd2+ 40.
Qxd2 cxd2 41. Rbd1 Qd4 42. Rgf1 g4 43. Rxd2 Qe3 44. fxg4 Qxe4+ 45. Kb2 f3 46.
Rdf2 Qxg4 47. Rxf3 Qxh5 48. Ka3 a5 49. Rd3 Qe2 50. Rff3 Qc2 51. Rf8+ Ka7 52.
Rfd8 h5 53. Rd2 Qc1+ 54. Ka2 h4 55. Rh2 Qf4 56. Rdd2 h3 57. Rhf2 Qg3 58. Kb2
Qe5+ 59. Ka2 Qc3 60. Rc2 Qg3 61. Rcd2 Kb6 62. Rf6+ Kc7 63. Rf7+ Kb8 64. Rf8+
Ka7 65. Rff2 Qe3 66. Kb2 Qe5+ 67. Ka2 Kb6 68. Rfe2 Qc3 69. Rc2 Qg3 70. Rcd2 Qc3
1/2-1/2

[Event "Borgerhout - Namur"]
[Site "?"]
[Date "2010.10.10"]
[Round "2.5"]
[White "Nieto, Emanuel"]
[Black "Werner, Ivan"]
[Result "1-0"]
[WhiteElo "2332"]
[BlackElo "2098"]
[PlyCount "77"]
[EventDate "2010.??.??"]

1. e4 Nf6 2. e5 Nd5 3. c4 Nb6 4. d4 d6 5. f4 dxe5 6. fxe5 Nc6 7. Be3 Bf5 8. Nc3
e6 9. Nf3 Qd7 10. Be2 O-O-O 11. O-O Bg4 12. c5 Nd5 13. Bf2 f6 14. Nxd5 Qxd5 15.
Qa4 a6 16. Rad1 Ne7 17. b4 Bxf3 18. Bxf3 Qc4 19. Rc1 Qb5 20. Qb3 Nd5 21. a4 Qe8
22. Rfe1 f5 23. b5 axb5 24. axb5 c6 25. bxc6 Qxc6 26. Bh4 Re8 27. Ra1 Kd7 28.
Ra7 Rb8 29. Rb1 Kc8 30. Qa2 Qd7 31. Qb2 Qc6 32. Bd1 Nc7 33. Ba4 Qe4 34. Bf2 b5
35. cxb6 Nd5 36. Qc1+ Kd8 37. Qg5+ Be7 38. Rd7+ Kc8 39. Rc1+ 1-0

[Event "Namur - Borgerhout"]
[Site "?"]
[Date "2010.10.10"]
[Round "2.6"]
[White "Verspecht, Thierry"]
[Black "Vedder, Richard"]
[Result "0-1"]
[WhiteElo "2079"]
[BlackElo "2242"]
[PlyCount "58"]
[EventDate "2010.??.??"]

1. d4 Nf6 2. c4 e6 3. g3 d5 4. Nf3 dxc4 5. Bg2 Nc6 6. O-O Rb8 7. a4 a6 8. Re1
Be7 9. Nc3 O-O 10. e4 b5 11. axb5 axb5 12. Bf4 b4 13. Na4 Ba6 14. Nc5 Bb5 15.
Na6 Rb7 16. Be5 Ra7 17. Bxf6 Bxf6 18. e5 Be7 19. Nc5 Rxa1 20. Qxa1 Nxd4 21. Nb7
Nxf3+ 22. Bxf3 Qd4 23. Na5 Bc5 24. Re2 Bb6 25. Kg2 f6 26. exf6 Qxf6 27. Bg4 Ra8
28. Bxe6+ Kh8 29. Bxc4 Bxc4 0-1

[Event "Borgerhout - Namur"]
[Site "?"]
[Date "2010.10.10"]
[Round "2.7"]
[White "Baert, Andy"]
[Black "Poscic, Mark"]
[Result "1-0"]
[WhiteElo "2199"]
[BlackElo "1833"]
[PlyCount "74"]
[EventDate "2010.??.??"]

1. e4 c5 2. Nf3 d6 3. d4 cxd4 4. Nxd4 Nf6 5. Nc3 g6 6. Be3 Bg7 7. f3 O-O 8. Bc4
Nc6 9. Qe2 Bd7 10. Rd1 Rc8 11. Nxc6 bxc6 12. O-O Qa5 13. Rfe1 Rfd8 14. Qf2 Be6
15. Bb3 c5 16. Bxe6 fxe6 17. e5 Nd5 18. Nxd5 exd5 19. exd6 Rxd6 20. c3 e5 21.
Qh4 Qd8 22. Bg5 Qd7 23. Bh6 Re8 24. Bxg7 Kxg7 25. Re2 Qf5 26. Qa4 Qd7 27. Qa5
Rc6 28. Rde1 e4 29. fxe4 Rxe4 30. Rxe4 dxe4 31. Qa4 c4 32. Rxe4 Qd5 33. Qxa7+
Kh6 34. Qe3+ g5 35. h4 Rg6 36. Qd4 Qf5 37. Qe3 Qd5 {Wit won na 44 zetten} 1-0

[Event "Namur - Borgerhout"]
[Site "?"]
[Date "2010.10.10"]
[Round "2.8"]
[White "Fontaine, Quentin"]
[Black "Veltkamp, Gerben"]
[Result "0-1"]
[WhiteElo "1558"]
[BlackElo "2191"]
[PlyCount "62"]
[EventDate "2010.??.??"]

1. e4 e5 2. Nf3 Nc6 3. d4 exd4 4. Bc4 Nf6 5. e5 d5 6. Bb5 Nd7 7. O-O Be7 8. Re1
O-O 9. Bxc6 bxc6 10. Nxd4 Nb8 11. Nc3 c5 12. Nde2 c6 13. Ng3 f6 14. e6 f5 15.
Qf3 d4 16. Nb1 Qd5 17. Qxd5 cxd5 18. Re5 Nc6 19. Rxf5 Bxe6 20. Rxf8+ Rxf8 21.
Bd2 Rb8 22. b3 c4 23. Nf1 Bf5 24. Bf4 Rf8 25. Nbd2 c3 26. Nf3 Bxc2 27. Ne5 Nxe5
28. Bxe5 Bc5 29. Rc1 Bg6 30. Bg3 Ba3 31. Re1 c2 0-1

[Event "CREC - KGSRL"]
[Site "?"]
[Date "2010.11.07"]
[Round "3.1"]
[White "Gharamian, Tigran"]
[Black "Michiels, Bart"]
[Result "1-0"]
[WhiteElo "2650"]
[BlackElo "2452"]
[PlyCount "83"]
[EventDate "2010.11.07"]
[SourceDate "2010.11.07"]

1. e4 c6 2. d4 d5 3. e5 Bf5 4. Nf3 e6 5. Be2 h6 6. O-O Ne7 7. Nbd2 Nd7 8. Nb3
Bh7 9. Bd2 Nf5 10. Rc1 Nb6 11. Na5 Rb8 12. Bd3 Bg6 13. Qe2 Nh4 14. Nxh4 Bxd3
15. Qxd3 Qxh4 16. b3 Be7 17. f4 g6 18. Qf3 h5 19. h3 Ba3 20. Rb1 c5 21. c4 O-O
22. b4 Bxb4 23. Bxb4 cxb4 24. c5 Nd7 25. Rxb4 b6 26. Nc6 Rbc8 27. Nxa7 Ra8 28.
cxb6 Nxb6 29. Rxb6 Rxa7 30. Qb3 Kg7 31. Rb7 Ra6 32. a4 Rfa8 33. Qb5 Qd8 34. Rc1
Ra5 35. Qb3 Rc8 36. Rc2 Qe8 37. Rxf7+ Qxf7 38. Rxc8 Qa7 39. Qb4 Kh7 40. Kh2
Rxa4 41. Qd6 Rc4 42. Re8 1-0

[Event "KGSRL - CREC"]
[Site "?"]
[Date "2010.11.07"]
[Round "3.4"]
[White "Lemmers, Oscar"]
[Black "Houriez, Clément"]
[Result "1/2-1/2"]
[WhiteElo "2385"]
[BlackElo "2259"]
[PlyCount "44"]
[EventDate "2010.??.??"]

1. e4 c5 2. c3 d5 3. exd5 Qxd5 4. d4 Nf6 5. Nf3 e6 6. Na3 Nc6 7. Nb5 Qd8 8.
dxc5 Bxc5 9. Qxd8+ Kxd8 10. Bf4 Ne4 11. Nbd4 Nxd4 12. Nxd4 e5 13. Bxe5 Re8 14.
O-O-O Rxe5 15. Nc6+ Kc7 16. Nxe5 Nxf2 17. Bd3 Nxh1 18. Rxh1 f6 19. Nf3 g6 20.
Nd4 Bd7 21. Rf1 Rf8 22. Bc4 Bxd4 1/2-1/2

[Event "KGSRL - CREC"]
[Site "?"]
[Date "2010.11.07"]
[Round "3.6"]
[White "Goormachtigh, Johan"]
[Black "Akhayan, Ruben"]
[Result "1-0"]
[WhiteElo "2273"]
[BlackElo "2305"]
[PlyCount "61"]
[EventDate "2010.??.??"]

1. d4 d5 2. c4 c6 3. Nf3 Nf6 4. Nc3 dxc4 5. a4 e5 6. Nxe5 Bb4 7. e3 Be6 8. Nxc4
c5 9. dxc5 Qxd1+ 10. Kxd1 Nc6 11. Nd6+ Ke7 12. Bc4 Na5 13. Bxe6 Kxe6 14. Ndb5
Nb3 15. Nd4+ Nxd4 16. exd4 Bxc3 17. bxc3 Kd5 18. Kc2 Kc4 19. a5 b5 20. cxb6
axb6 21. Ra4+ Kd5 22. Re1 Rhe8 23. Rxe8 Nxe8 24. axb6 Rb8 25. Ra7 Rxb6 26. Rxf7
Rg6 27. Rf5+ Kc6 28. Rg5 Rf6 29. f3 g6 30. Rc5+ Kd6 31. Bg5 1-0

[Event "KGSRL - CREC"]
[Site "?"]
[Date "2010.11.07"]
[Round "3.8"]
[White "Vanheirzeele, Daniel"]
[Black "Sclacmender, Julien"]
[Result "1-0"]
[WhiteElo "2157"]
[BlackElo "2228"]
[PlyCount "93"]
[EventDate "2010.??.??"]

1. d4 Nf6 2. c4 g6 3. Nc3 d5 4. Nf3 Bg7 5. Qb3 dxc4 6. Qxc4 O-O 7. e4 Bg4 8.
Be3 Nfd7 9. Rd1 Nb6 10. Qc5 Nc6 11. Be2 e6 12. O-O a6 13. Ne5 Na4 14. Nxc6 bxc6
15. Qxc6 Nxc3 16. Bxg4 Nxd1 17. Rxd1 Qd6 18. Qc1 Rfd8 19. b3 Qb4 20. e5 Bf8 21.
Bf3 Rab8 22. g3 c5 23. d5 exd5 24. Bxd5 Qg4 25. Bg5 Rd7 26. e6 fxe6 27. f3 Qf5
28. g4 Qf7 29. Bc4 Rxd1+ 30. Qxd1 Rb6 31. Qe2 Bg7 32. Kg2 a5 33. Bd2 Qd7 34. f4
Rd6 35. Bxa5 Kh8 36. a4 h6 37. Be1 Bd4 38. Bg3 Rb6 39. a5 Rd6 40. f5 exf5 41.
Bxd6 Qc6+ 42. Qf3 Qxd6 43. gxf5 gxf5 44. a6 Be5 45. a7 Qd2+ 46. Qe2 Qg5+ 47.
Kh3 1-0

[Event "Fontaine - Eynatten1"]
[Site "?"]
[Date "2010.11.07"]
[Round "3.1"]
[White "Cekro, Ekrem"]
[Black "Hausrath, Daniel"]
[Result "1/2-1/2"]
[WhiteElo "2392"]
[BlackElo "2537"]
[PlyCount "68"]
[EventDate "2010.11.07"]
[SourceDate "2010.11.07"]

1. c4 Nf6 2. Nc3 g6 3. g3 Bg7 4. Bg2 O-O 5. e4 c5 6. Nge2 Nc6 7. O-O Ne8 8. a3
Nc7 9. Rb1 a6 10. b4 cxb4 11. axb4 b5 12. cxb5 Nxb5 13. Nxb5 axb5 14. d4 Ra4
15. Be3 Rxb4 16. Rxb4 Nxb4 17. Qb3 Nc6 18. d5 Ne5 19. Qxb5 d6 20. Nd4 Qd7 21.
Qe2 Qa4 22. Rc1 Ba6 23. Qc2 Qxc2 24. Rxc2 Bd3 25. Rc3 Ra8 26. h3 Ra1+ 27. Kh2
Ba6 28. Rb3 h5 29. Nc6 Bf6 30. Bd4 Ra2 31. Bxe5 Bxe5 32. Rb8+ Kg7 33. Nxe5 dxe5
34. Ra8 Bc4 1/2-1/2

[Event "Eynatten1 - Fontaine"]
[Site "?"]
[Date "2010.11.07"]
[Round "3.2"]
[White "Levin, Félix"]
[Black "Wantiez, Fabrice"]
[Result "1/2-1/2"]
[WhiteElo "2512"]
[BlackElo "2379"]
[PlyCount "33"]
[EventDate "2010.11.07"]
[SourceDate "2010.11.07"]

1. d4 Nf6 2. c4 g6 3. Nc3 d5 4. Bf4 Bg7 5. Rc1 Nh5 6. Be3 dxc4 7. Qa4+ c6 8.
Qxc4 Be6 9. Qd3 Nd7 10. Nf3 Nb6 11. g3 Nc4 12. b3 Nxe3 13. Qxe3 Nf6 14. Qd2 Bf5
15. Bg2 Ne4 16. Nxe4 Bxe4 17. O-O 1/2-1/2

[Event "Fontaine - Eynatten1"]
[Site "?"]
[Date "2010.11.07"]
[Round "3.3"]
[White "Marechal, Andy"]
[Black "Zaitsev, Mikhail"]
[Result "1/2-1/2"]
[WhiteElo "2307"]
[BlackElo "2507"]
[PlyCount "86"]
[EventDate "2010.11.07"]
[SourceDate "2010.11.07"]

1. e4 e5 2. Nf3 d6 3. d4 exd4 4. Nxd4 Nf6 5. Nc3 Be7 6. g3 d5 7. e5 Ng4 8. Bg2
Nxe5 9. Qe2 Nec6 10. Be3 Nxd4 11. Bxd4 O-O 12. Nxd5 Re8 13. O-O-O Bg5+ 14. Ne3
Qe7 15. h4 Bxe3+ 16. Qxe3 Nc6 17. Bxc6 Qxe3+ 18. Bxe3 bxc6 19. Bf4 Bg4 20. Rde1
f6 21. Bxc7 Kf7 22. Ba5 h5 23. Rxe8 Rxe8 24. Re1 Rxe1+ 25. Bxe1 Ke6 26. Kd2 Kd5
27. Kc3 c5 28. Bd2 a6 29. Be3 Bf5 30. b3 Be4 31. Kd2 Kc6 32. c4 Bb1 33. Kc3 Bf5
34. Bf4 Bb1 35. a3 a5 36. Bd2 Kb6 37. Bc1 Kc6 38. b4 axb4+ 39. axb4 cxb4+ 40.
Kxb4 Be4 41. Kc3 Kd6 42. Kd4 Bb7 43. Ba3+ Ke6 1/2-1/2